East Lothian Quiz - Statistics

General Stats
  • This quiz has been taken 29 times
  • The average score is 7 of 10
Answer Stats
Hint Answer % Correct
Sport that East Lothian is most known for Golf
88%
Town closest to Edinburgh that has the River Esk flowing through it Musselburgh
84%
Town which features a large hill with a fake whale's jaw on top North Berwick
84%
Town in eastern East Lothian home to Belhaven, the oldest brewery in Scotland Dunbar
80%
Town that is the namesake of the first major battle of the 1745 Jacobite Rebellion Prestonpans
80%
Very small village containing a train station for some reason Drem
76%
Town home to a former power plant that was destroyed in 2015 Cockenzie
68%
What national museum is next to the village of East Fortune? Flight
68%
Former name for East Lothian which changed in 1921 Haddingtonshire
60%
What hills form a boundary between East Lothian and the Scottish Borders? Lammermuir
60%
No matching quizzes found
Score Distribution
Percent of People with Each Score
Percentile by Number Answered
Your Score History
You have not taken this quiz